Democratizing Development : The Role of Voluntary Organizations /

Uloženo v:
Podrobná bibliografie
Hlavní autor: Clark, John (autor)
Médium: Kniha
Jazyk:angličtina
Vydáno: West Hartford, EUA : Kumarian, 1990, c1990
Témata:
Tagy: Přidat tag
Žádné tagy, Buďte první, kdo vytvoří štítek k tomuto záznamu!

MARC

LEADER 00000nam^a2200000^a^4500
001 000277703
005 20250521000000.0
009 20260310111341.551
020 |a 0-931816-91-2 
037 |a Acervo ITESO - Biblioteca 
041 |a ING 
082 |a 327. 17  |b CLA 
100 |a Clark, John  |e (autor) 
245 1 0 |a Democratizing Development :  |b The Role of Voluntary Organizations /  |c J. Clark. 
264 4 |a West Hartford, EUA :  |b Kumarian,  |c 1990, c1990 
300 |a XII, 226 p. 
336 |a texto  |b txt  |2 rdacontenido 
337 |a sin mediación  |b n  |2 rdamedio 
338 |a volumen  |b nc  |2 rdasoporte 
649 |a XX 
650 |a Organizaciones No Gubernamentales -  |x Condiciones Políticas -  |x Tema Principal 
650 |a Norte-Sur 
650 |a Desarrollo Económico-Social -  |z Países Subdesarrollados -  |x Tema Principal 
650 |a Cambios Sociales y Culturales 
650 |a Cooperación Internacional 
650 |a Democracia 
650 |a Política Económica 
650 |a Políticas Públicas 
650 |a Economía -  |z Países Subdesarrollados -  |x Historia 
650 |a Política -  |z Países Subdesarrollados -  |x Historia 
650 |a Economía Internacional 
650 |a Política Internacional 
910 |a Fondo General 
920 |a Impresos - Libros 
930 |a Colección General 
905 |a 101 
901 |a 0500163541  |b IT1  |c ACC  |u 20250521 
902 |a https://opac.biblio.iteso.mx/vufind/Record/000277703